Myra Breckinridge /

Gespeichert in:
Bibliographische Detailangaben
1. Verfasser: Vidal, Gore (Verfasst von)
Format: Buch
Sprache:Italienisch
Veröffentlicht: Milano : Bompiani, [1969!
Ausgabe:3. ed
Tags: Tag hinzufügen
Keine Tags, Fügen Sie das erste Tag hinzu!

MARC

LEADER 00000nam a22000007i 4500
001 IT\ICCU\RML\0145276
003 ItRI
005 20250313223023.0
008 041109s1969 it |||||| ||||| |||||c
040 |b ita  |c ARCIGAY RIMINI 
041 7 |a ita  |2 ISO-639-2 
100 1 |a Vidal, Gore  |0 IT\ICCU\CFIV\041949  |4 aut 
240 1 0 |a Myra Breckinridge.  |9 Vidal, Gore 
245 1 0 |a Myra Breckinridge /  |c Gore Vidal. 
250 |a 3. ed 
260 |a Milano :  |b Bompiani,  |c [1969! 
300 |a 216 p. ;  |c 21 cm 
500 |a Trad. di Vincenzo Mantovani. 
942 |2 ddc  |c BK 
952 |0 0  |1 0  |2 ddc  |4 0  |6 813_540000000000000_VID_MYR  |7 1  |9 3671  |a RN  |b RN  |d 2025-03-13  |l 0  |o 813.54 VID MYR  |p 10930  |r 2025-03-13 22:30:48  |w 2025-03-13  |x DONAZIONE DI GIOVANNI RIMONDINI  |y BK  |z DONAZIONE DI GIOVANNI RIMONDINI 
981 1 |6 z01  |a i   |b xxxe  
982 1 |6 z01  |a n 
999 |c 2860  |d 2860